000 01047nam0a22002891 4500
001 RU\INFOCOMM_327\NLR\5000053799
005 20250613111501.0
035 _a(NLR Aleph) 009589160
090 _a9239848
_c9239848
100 _a20130311d1984 |||y0rusy50 ca
101 0 _afre
102 _aRU
105 _ay z |||||
200 1 _aQuand l'inspecteur syndical dit "Non"
_fLéonide Nikitinski
210 _aM.
_cProfizdat
_d1984
215 _a51 с.
_d16 см
300 _aВ вып. дан.: Профсоюзный инспектор сказал "Нет" / Леонид Васильевич Никитинский
606 0 _aОхрана труда
_xПрофсоюзные организации и их работа
_2nlr_sh1
620 _aМосква
686 _aФ72(2)273-331
_2rubbk
700 1 _9z01790
_aNikitinskij
_bL. V.
_gLeonid Vasil'evič
790 1 _9z01700
_aNikitinski
_bL.
_gLéonide
_4070
801 1 _aRU
_bInfocomm
_c20130311
801 0 _aRU
_bINFOCOMM
_gPSBO
852 _aNLR
_jИр71 Д-2/78
942 _cBOOK
980 _aNB